|
|
|
|
| LEADER |
00000cam a22000007a 4500 |
| 001 |
2427 |
| 003 |
CZ-ZlUTB |
| 005 |
20190825231538.0 |
| 008 |
950218s1972 ru |||||r|||||||||||rus|d |
| 040 |
|
|
|a ZLD002
|b cze
|c ZLD002
|d ZLD002
|
| 100 |
1 |
|
|a Švarc, Aleksandr Semenovič
|4 aut
|
| 245 |
1 |
0 |
|a Chimičeskaja technologija obuvi
|
| 260 |
|
|
|a Moskva :
|b Legkaja industrija,
|c 1972
|
| 300 |
|
|
|a 300 s.
|
| 650 |
0 |
4 |
|a chemický
|
| 650 |
0 |
4 |
|a OBUV
|
| 650 |
0 |
4 |
|a TECHNOLOGIE
|
| 910 |
|
|
|a ZLD002
|
| 952 |
|
|
|0 0
|1 0
|4 0
|6 685ŠVARCAS
|7 0
|8 BOOK
|9 3844
|a UTBZL
|b UTBZL
|c 030
|d 2006-07-29
|i 48689
|l 0
|o 685/ŠVARC,A.S.
|p 420010022514
|r 2019-08-25 00:00:00
|w 2019-08-25
|x 20100831
|y 05
|
| 992 |
|
|
|a BK
|b SK
|
| 999 |
|
|
|c 2427
|d 2427
|